[Event "Chennai Challengers 2025"]
[Site "Chennai IND"]
[Date "2025.08.07"]
[Round "1.1"]
[White "Mendonca, Leon Luke"]
[Black "Harshavardhan, G B"]
[Result "1-0"]
[WhiteTitle "GM"]
[BlackTitle "IM"]
[WhiteElo "2606"]
[BlackElo "2454"]
[WhiteFideId "35028561"]
[BlackFideId "25059009"]
[EventDate "2025.08.07"]

1. d4 Nf6 2. c4 c5 3. d5 e6 4. Nc3 exd5 5. cxd5 d6 6. Nf3 g6 7. Nd2 Bg7 8. e4
O-O 9. Be2 Re8 10. O-O Nbd7 11. a4 Ne5 12. Ndb1 a6 13. h3 c4 14. Be3 Bd7 15. a5
Rc8 16. Nd2 Nd3 17. Qb1 Nc5 18. Bxc4 Qe7 19. f3 Nh5 20. Ra3 Be5 21. Ne2 Qh4 22.
b4 Na4 23. f4 Bg7 24. Bf2 Qd8 25. Rb3 f5 26. Bd4 Bxd4+ 27. Nxd4 Rxc4 28. Nxc4
Rxe4 29. Ne6 Bxe6 30. dxe6 Rxc4 31. Re3 Qe8 32. Rc1 d5 33. Rxc4 dxc4 34. Qa2 Qc6
35. Qd2 Ng7 36. Qd7 h6 37. Qf7+ Kh7 38. e7 Qe8 39. Qxc4 g5 40. Qd4 Nh5 41. fxg5
hxg5 42. Qe5 Kg6 43. Qd6+ Kg7 44. Re6 Nf4 45. Qe5+ Kg8 46. Rh6 Ng6 47. Rxg6+ 1-0

[Event "Chennai Challengers 2025"]
[Site "Chennai IND"]
[Date "2025.08.07"]
[Round "1.2"]
[White "Puranik, Abhimanyu"]
[Black "Adhiban, Baskaran"]
[Result "1/2-1/2"]
[WhiteTitle "GM"]
[BlackTitle "GM"]
[WhiteElo "2635"]
[BlackElo "2534"]
[WhiteFideId "5061245"]
[BlackFideId "5018471"]
[EventDate "2025.08.07"]

1. d4 Nf6 2. c4 g6 3. Nc3 Bg7 4. Nf3 O-O 5. Bg5 c5 6. d5 b5 7. cxb5 a6 8. e3 Qa5
9. Nd2 h6 10. Nc4 Qd8 11. Bh4 axb5 12. Nxb5 Ba6 13. Nc3 d6 14. a4 Nbd7 15. Rb1
Qb8 16. Bxf6 Bxf6 17. Nb5 Bxb5 18. axb5 Qxb5 19. Bd3 Qb7 20. Be2 Qb4+ 21. Kf1
Rfb8 22. g3 Nb6 23. Nxb6 Rxb6 24. b3 Ra2 25. Bc4 Rb8 26. Kg2 Rba8 27. Qf3 Rd2
28. Rhd1 h5 29. Rxd2 Qxd2 30. Qd1 Qb4 31. h4 Ra2 32. Rc1 Kg7 33. Rc2 Ra1 34. Rc1
Ra3 35. Qe1 Qb7 36. Qd2 Qb4 37. Rc2 Ra1 38. Ra2 Qxd2 39. Rxd2 Bc3 40. Rc2 Bb4
41. Kf3 Kf6 42. Kf4 Be1 43. Re2 Bc3 44. Rc2 Be1 45. Re2 Bc3 46. Rc2 1/2-1/2

[Event "Chennai Challengers 2025"]
[Site "Chennai IND"]
[Date "2025.08.07"]
[Round "1.3"]
[White "Vaishali, Rameshbabu"]
[Black "Iniyan, Pa"]
[Result "1/2-1/2"]
[WhiteTitle "GM"]
[BlackTitle "GM"]
[WhiteElo "2476"]
[BlackElo "2586"]
[WhiteFideId "5091756"]
[BlackFideId "25002767"]
[EventDate "2025.08.07"]

1. e4 c5 2. Nf3 d6 3. d4 cxd4 4. Nxd4 Nf6 5. Nc3 a6 6. Be3 e5 7. Nb3 Be6 8. f3
h5 9. Nd5 Bxd5 10. exd5 Nbd7 11. Qd2 Qc7 12. O-O-O Be7 13. c4 a5 14. Kb1 a4 15.
Nc1 Qa5 16. Qxa5 Rxa5 17. b4 axb3 18. Nxb3 Ra4 19. c5 dxc5 20. d6 c4 21. dxe7
cxb3 22. axb3 Ra8 23. Bg5 Kxe7 24. Bb5 Rhd8 25. Rhe1 Kf8 26. Kb2 e4 27. Bxd7
Rxd7 28. Rxd7 Nxd7 29. Rxe4 f6 30. Bf4 Re8 31. Rxe8+ Kxe8 32. Kc3 Ke7 33. Kd4
Ke6 34. h4 Nb6 35. Kc5 Nd7+ 36. Kd4 Nb6 37. Bg3 Nd7 38. Bc7 Nf8 39. Bg3 Nd7 40.
b4 Nb6 41. Bb8 Nd7 42. Bc7 Nf8 43. Kc5 Nd7+ 44. Kd4 Nf8 45. Kc5 Nd7+ 46. Kc4 Nf8
47. Bg3 Nd7 48. Kd4 Nb6 49. b5 Nd7 50. Be1 Nb6 51. Bd2 Nd7 52. Bb4 Nb6 53. Bf8
g6 54. Bh6 Nd7 55. Bf4 Nb6 56. Kc5 Nd7+ 57. Kd4 Nb6 58. Ke4 1/2-1/2

[Event "Chennai Challengers 2025"]
[Site "Chennai IND"]
[Date "2025.08.07"]
[Round "1.4"]
[White "Dronavalli, Harika"]
[Black "Ghosh, Diptayan"]
[Result "0-1"]
[WhiteTitle "GM"]
[BlackTitle "GM"]
[WhiteElo "2487"]
[BlackElo "2576"]
[WhiteFideId "5015197"]
[BlackFideId "5045207"]
[EventDate "2025.08.07"]

1. e4 e5 2. Nf3 Nc6 3. Nc3 Nf6 4. d4 exd4 5. Nxd4 Bb4 6. Nxc6 bxc6 7. Bd3 d5 8.
exd5 O-O 9. O-O cxd5 10. h3 c6 11. Qf3 Re8 12. Bf4 Bd6 13. Rfe1 Be6 14. Ne2 c5
15. Rad1 Rb8 16. b3 h6 17. c4 d4 18. Bxd6 Qxd6 19. Ng3 Bd7 20. Ne4 Nxe4 21. Bxe4
Re7 22. Bd5 Rbe8 23. Rxe7 Rxe7 24. a3 a5 25. Qd3 Qf4 26. g3 Qf5 27. Qd2 Qh5 28.
Rf1 Bxh3 29. Qxa5 Qe2 30. Bg2 Bxg2 31. Kxg2 Qe4+ 32. Kg1 Re5 33. Qd2 Rh5 34. f3
Qg6 35. Kg2 Qe6 36. g4 Re5 37. Rf2 h5 38. Qa5 Kh7 39. Qd8 f6 40. b4 hxg4 41. f4
Rh5 42. Qa8 Qe3 43. bxc5 g3 44. Rf3 Rh2+ 0-1

[Event "Chennai Challengers 2025"]
[Site "Chennai IND"]
[Date "2025.08.07"]
[Round "1.5"]
[White "Pranesh, M"]
[Black "Aryan, Chopra"]
[Result "1-0"]
[WhiteTitle "GM"]
[BlackTitle "GM"]
[WhiteElo "2589"]
[BlackElo "2634"]
[WhiteFideId "35028600"]
[BlackFideId "5084423"]
[EventDate "2025.08.07"]

1. e4 c6 2. d4 d5 3. e5 c5 4. Nf3 cxd4 5. Nxd4 Nc6 6. Nxc6 bxc6 7. Bd3 e6 8. O-O
Ne7 9. Nd2 a5 10. Nf3 Ba6 11. Bxa6 Rxa6 12. c4 Ng6 13. cxd5 cxd5 14. h4 h5 15.
Qe2 Ra8 16. Be3 Be7 17. g3 Qb8 18. Bd4 Bd8 19. Rac1 O-O 20. Rc3 a4 21. Rfc1 Qb7
22. Bc5 Re8 23. Bd6 d4 24. Nxd4 Qd5 25. Nc6 a3 26. b4 1-0

[Event "Chennai Challengers 2025"]
[Site "Chennai IND"]
[Date "2025.08.08"]
[Round "2.1"]
[White "Harshavardhan, G B"]
[Black "Aryan, Chopra"]
[Result "1/2-1/2"]
[WhiteTitle "IM"]
[BlackTitle "GM"]
[WhiteElo "2454"]
[BlackElo "2634"]
[WhiteFideId "25059009"]
[BlackFideId "5084423"]
[EventDate "2025.08.07"]

1. Nf3 Nf6 2. g3 c5 3. Bg2 Nc6 4. O-O e5 5. e4 d6 6. Nc3 g6 7. d3 Bg7 8. a4 Rb8
9. Nd2 a6 10. Nc4 b5 11. axb5 axb5 12. Ne3 O-O 13. Ncd5 Nxd5 14. Nxd5 Be6 15. c3
Bxd5 16. exd5 Ne7 17. Ra7 Ra8 18. Rb7 Rb8 19. Ra7 Ra8 20. Rb7 Rb8 21. Ra7 1/2-1/2

[Event "Chennai Challengers 2025"]
[Site "Chennai IND"]
[Date "2025.08.08"]
[Round "2.2"]
[White "Ghosh, Diptayan"]
[Black "Pranesh, M"]
[Result "1/2-1/2"]
[WhiteTitle "GM"]
[BlackTitle "GM"]
[WhiteElo "2576"]
[BlackElo "2589"]
[WhiteFideId "5045207"]
[BlackFideId "35028600"]
[EventDate "2025.08.07"]

1. d4 Nf6 2. c4 e6 3. Nc3 Bb4 4. Qc2 d6 5. e3 O-O 6. Bd3 e5 7. Ne2 Re8 8. O-O
Bxc3 9. Nxc3 Nc6 10. dxe5 Nb4 11. Qa4 dxe5 12. Bxh7+ Nxh7 13. Qxb4 e4 14. Qc5
Bg4 15. h3 Bxh3 16. Qh5 Bd7 17. Rd1 Re6 18. Qg4 Qe8 19. b3 Bc6 20. Bb2 Rg6 21.
Qf5 Ng5 22. Kf1 f6 23. Nd5 Bxd5 24. Qxd5+ Kh7 25. Ke2 Rh6 26. Qf5+ Kg8 27. Qd5+
Kh7 28. Qf5+ Kg8 29. Qd5+ Kh7 1/2-1/2

[Event "Chennai Challengers 2025"]
[Site "Chennai IND"]
[Date "2025.08.08"]
[Round "2.3"]
[White "Iniyan, Pa"]
[Black "Dronavalli, Harika"]
[Result "1-0"]
[WhiteTitle "GM"]
[BlackTitle "GM"]
[WhiteElo "2586"]
[BlackElo "2487"]
[WhiteFideId "25002767"]
[BlackFideId "5015197"]
[EventDate "2025.08.07"]

1. d4 d5 2. c4 e6 3. Nc3 Nf6 4. Bg5 dxc4 5. e3 Be7 6. Bxc4 c5 7. Nf3 cxd4 8.
Nxd4 Bd7 9. O-O Nc6 10. Nf3 O-O 11. e4 e5 12. h3 Rc8 13. a3 a6 14. Rc1 b5 15.
Bb3 Rb8 16. Be3 b4 17. axb4 Bxb4 18. Nd5 Nxd5 19. Bxd5 Qe8 20. Qc2 Rc8 21. Qd3
a5 22. Rfd1 Nb8 23. Rxc8 Bxc8 24. Qc2 Ba6 25. Rc1 Nd7 26. Qc7 Bb5 27. b3 h6 28.
Qb7 Nf6 29. Bc5 Nxd5 30. exd5 Bxc5 31. Rxc5 Bd7 32. d6 f6 33. Rc7 Rf7 34. Nd2
Be6 35. Ne4 Rxc7 36. dxc7 Qd7 37. Nc5 Qc8 38. Qb8 Bf5 39. g4 1-0

[Event "Chennai Challengers 2025"]
[Site "Chennai IND"]
[Date "2025.08.08"]
[Round "2.4"]
[White "Adhiban, Baskaran"]
[Black "Vaishali, Rameshbabu"]
[Result "1/2-1/2"]
[WhiteTitle "GM"]
[BlackTitle "GM"]
[WhiteElo "2534"]
[BlackElo "2476"]
[WhiteFideId "5018471"]
[BlackFideId "5091756"]
[EventDate "2025.08.07"]

1. d4 Nf6 2. c4 g6 3. Nc3 d5 4. cxd5 Nxd5 5. e4 Nxc3 6. bxc3 Bg7 7. Bb5+ c6 8.
Ba4 O-O 9. Ne2 b5 10. Bb3 Bb7 11. O-O Nd7 12. Bg5 c5 13. d5 c4 14. Bc2 Nc5 15.
h4 Qd7 16. f3 Rac8 17. Rb1 a6 18. Qd2 e6 19. dxe6 Qxe6 20. Rfd1 Rfe8 21. h5 Qb6
22. Be3 Qc7 23. h6 Bf8 24. Nd4 Rcd8 25. Rbc1 Rd7 26. Qf2 Ne6 27. Qh4 Bd6 28. Kh1
Bf8 29. Nxe6 Rxe6 30. Rxd7 Qxd7 31. Rd1 Rd6 32. Rd4 Qe7 33. Bg5 Qd7 34. Be3 Qe7
35. Bg5 Qd7 36. Be3 1/2-1/2

[Event "Chennai Challengers 2025"]
[Site "Chennai IND"]
[Date "2025.08.08"]
[Round "2.5"]
[White "Mendonca, Leon Luke"]
[Black "Puranik, Abhimanyu"]
[Result "0-1"]
[WhiteTitle "GM"]
[BlackTitle "GM"]
[WhiteElo "2606"]
[BlackElo "2635"]
[WhiteFideId "35028561"]
[BlackFideId "5061245"]
[EventDate "2025.08.07"]

1. e4 c5 2. Nf3 Nc6 3. Bb5 Nf6 4. Nc3 Qc7 5. O-O e5 6. Re1 a6 7. Bf1 d6 8. Nd5
Nxd5 9. exd5 Nd4 10. Nxd4 cxd4 11. c3 dxc3 12. bxc3 Be7 13. a4 O-O 14. a5 f5 15.
c4 Bf6 16. Ba3 e4 17. Rb1 Bd4 18. d3 Bc3 19. Re3 Bxa5 20. Bb2 f4 21. Rxe4 f3 22.
g3 b5 23. cxb5 axb5 24. Rc1 Qd7 25. Re6 Qd8 26. Re3 Bb6 27. d4 Bd7 28. Rc6 Bxc6
29. dxc6 d5 30. Rxf3 b4 31. Bg2 Qd6 32. Rxf8+ Rxf8 33. Qb3 Rd8 34. Qa4 Kh8 35.
Qb5 Bc7 36. Bf3 h6 37. Kg2 Ra8 38. Bc1 Rb8 39. Qa6 b3 40. Bb2 Qe6 41. Be2 Qe4+
42. Bf3 Qc2 43. Qe2 Qxe2 44. Bxe2 Rb6 45. Kf3 Rxc6 46. Bd3 Ba5 47. Ke2 Bc3 48.
Ba3 Re6+ 0-1

[Event "Chennai Challengers 2025"]
[Site "Chennai IND"]
[Date "2025.08.09"]
[Round "3.1"]
[White "Puranik, Abhimanyu"]
[Black "Harshavardhan, G B"]
[Result "1-0"]
[WhiteTitle "GM"]
[BlackTitle "IM"]
[WhiteElo "2635"]
[BlackElo "2454"]
[WhiteFideId "5061245"]
[BlackFideId "25059009"]
[EventDate "2025.08.07"]

1. Nf3 Nf6 2. c4 b6 3. g3 g6 4. d4 Bb7 5. Bg2 c5 6. d5 b5 7. O-O Bg7 8. Re1 O-O
9. e4 bxc4 10. Nc3 d6 11. Nd2 Nbd7 12. Nxc4 a5 13. a4 Ba6 14. Nb5 Qb8 15. Bf1
Bxb5 16. axb5 Ne5 17. Nxe5 dxe5 18. Bd2 Ne8 19. Rxa5 Rxa5 20. Bxa5 Nd6 21. Qa4
Qb7 22. b6 f5 23. Qc6 fxe4 24. b4 cxb4 25. Bxb4 Qb8 26. Bh3 h5 27. Bc5 Kh7 28.
Qc7 Qe8 29. Bf1 Qa4 30. Qxe7 Qa5 31. Qxd6 Qxe1 32. b7 e3 33. Bxe3 Qb1 34. Qb6
Qxb6 35. Bxb6 e4 36. Bc7 Bd4 37. b8=Q Rxf2 38. Qb4 Be3 39. Qxe4 Ba7 40. Bd3 Rf4+
41. Kg2 1-0

[Event "Chennai Challengers 2025"]
[Site "Chennai IND"]
[Date "2025.08.09"]
[Round "3.2"]
[White "Vaishali, Rameshbabu"]
[Black "Mendonca, Leon Luke"]
[Result "0-1"]
[WhiteTitle "GM"]
[BlackTitle "GM"]
[WhiteElo "2476"]
[BlackElo "2606"]
[WhiteFideId "5091756"]
[BlackFideId "35028561"]
[EventDate "2025.08.07"]

1. e4 e5 2. Nf3 Nc6 3. Bc4 Bc5 4. d3 d6 5. c3 Nf6 6. O-O a5 7. Re1 Ba7 8. Nbd2
O-O 9. h3 Be6 10. Bb5 Ne7 11. Nf1 Ng6 12. Ng3 c6 13. Ba4 d5 14. exd5 Nxd5 15. d4
exd4 16. Nxd4 Ndf4 17. Bxf4 Nxf4 18. Re4 Qf6 19. Nh5 Nxh5 20. Qxh5 g6 21. Qh6
Bd5 22. Rf4 Qg7 23. Qxg7+ Kxg7 24. Bb3 Rad8 25. Bxd5 Rxd5 26. Re1 Bxd4 27. Rxd4
Rxd4 28. cxd4 Rd8 29. Re7 b5 30. Rc7 Rxd4 31. Rxc6 Rd1+ 32. Kh2 Rd2 33. Rc5 Rxb2
34. a4 bxa4 35. Rxa5 Rb4 36. Ra6 h5 37. g3 g5 38. Kg2 f6 39. Ra7+ Kg6 40. Ra5
Rc4 41. Kh2 Rd4 42. Kg2 Rb4 43. Kh2 h4 44. Kg2 Rc4 45. Kf3 Rc3+ 46. Kg2 a3 47.
gxh4 gxh4 48. Ra4 Kg5 49. Rg4+ Kh5 50. Ra4 f5 51. Ra5 Kg5 52. Ra4 f4 53. Kh2 Kf5
54. Kg2 Ke5 55. Kh2 Rf3 56. Kg2 Rd3 57. Kh2 Kd5 58. Rxf4 Rd4 59. Rf8 Ra4 60.
Rd8+ Kc4 61. Rd1 a2 62. Ra1 Kb3 0-1

[Event "Chennai Challengers 2025"]
[Site "Chennai IND"]
[Date "2025.08.09"]
[Round "3.3"]
[White "Dronavalli, Harika"]
[Black "Adhiban, Baskaran"]
[Result "1/2-1/2"]
[WhiteTitle "GM"]
[BlackTitle "GM"]
[WhiteElo "2487"]
[BlackElo "2534"]
[WhiteFideId "5015197"]
[BlackFideId "5018471"]
[EventDate "2025.08.07"]

1. Nf3 c5 2. c4 g6 3. d4 cxd4 4. Nxd4 Nc6 5. e4 Nf6 6. Nc3 d6 7. Be2 Nxd4 8.
Qxd4 Bg7 9. Be3 O-O 10. Qd3 a6 11. O-O Bd7 12. Bd4 b5 13. cxb5 axb5 14. a3 Qb8
15. Nd5 Nxd5 16. exd5 Bxd4 17. Qxd4 Ra4 18. Qe3 Qa7 19. Rac1 Re8 20. Qd2 Rd4 21.
Qe3 Ra4 22. Qd2 Rd4 23. Qe3 Ra4 24. Qd2 1/2-1/2

[Event "Chennai Challengers 2025"]
[Site "Chennai IND"]
[Date "2025.08.09"]
[Round "3.4"]
[White "Pranesh, M"]
[Black "Iniyan, Pa"]
[Result "1-0"]
[WhiteTitle "GM"]
[BlackTitle "GM"]
[WhiteElo "2589"]
[BlackElo "2586"]
[WhiteFideId "35028600"]
[BlackFideId "25002767"]
[EventDate "2025.08.07"]

1. e4 c5 2. Nf3 d6 3. d4 cxd4 4. Nxd4 Nf6 5. Nc3 a6 6. f4 e5 7. Nb3 Be7 8. fxe5
dxe5 9. Qxd8+ Bxd8 10. Be3 Nbd7 11. Be2 b6 12. O-O-O Bb7 13. Rhf1 Rc8 14. a4 Rf8
15. Nd2 Be7 16. Nc4 Bb4 17. Nd5 Nxd5 18. exd5 b5 19. axb5 axb5 20. Nb6 Nxb6 21.
Bxb6 Ke7 22. Bxb5 f5 23. Kb1 g5 24. c3 Bd6 25. c4 e4 26. g4 Rb8 27. c5 Bc8 28.
Rde1 Rxb6 29. cxb6 Bxh2 30. Rh1 Bg3 31. Rc1 f4 32. Rxh7+ Kd6 33. Rg7 Bh4 34. b7
Bxg4 35. Rc6+ Kxd5 36. Ra6 Rb8 37. Ra8 Rxb7 38. Rxb7 e3 39. Rd8+ Ke5 40. Bd3 Be6
41. Rb5+ Kf6 42. Rd6 Ke7 43. Rxe6+ Kxe6 44. Be2 1-0

[Event "Chennai Challengers 2025"]
[Site "Chennai IND"]
[Date "2025.08.09"]
[Round "3.5"]
[White "Aryan, Chopra"]
[Black "Ghosh, Diptayan"]
[Result "1/2-1/2"]
[WhiteTitle "GM"]
[BlackTitle "GM"]
[WhiteElo "2634"]
[BlackElo "2576"]
[WhiteFideId "5084423"]
[BlackFideId "5045207"]
[EventDate "2025.08.07"]

1. e4 e5 2. Nf3 Nc6 3. d4 exd4 4. Nxd4 Bc5 5. Nb3 Bb6 6. Nc3 Nf6 7. Bg5 h6 8.
Bh4 O-O 9. Qe2 a5 10. a4 Nd4 11. Qd3 Nxb3 12. cxb3 c6 13. O-O-O d5 14. Qc2 Be6
15. Kb1 Qe7 16. exd5 cxd5 17. Nxd5 Bxd5 18. Rxd5 Rad8 19. Bc4 Rxd5 20. Bxd5 Rd8
21. Rd1 Kh8 22. Bf3 Rxd1+ 23. Qxd1 Bc5 24. Qd3 b6 25. Ka2 Kg8 26. Bg3 Qe6 27.
Bb7 Qe7 28. Bf3 Qe6 29. h3 Qe7 30. Qa6 g6 31. Qc8+ Kg7 32. Qb8 Nd7 33. Qc7 Kf8
34. Bc6 Nf6 35. Qb8+ Kg7 36. Be5 Bxf2 37. g4 Bc5 38. h4 g5 39. hxg5 hxg5 40. Be4
Be3 41. Bf5 Bc5 42. Bc3 Qd6 43. Qxd6 Bxd6 44. b4 Bxb4 45. Bd4 Bc5 46. Be5 Be7
47. Kb3 Kf8 48. Kc4 Ne8 49. Kd5 Bc5 50. Kc6 Ke7 51. Bb8 f6 52. Bd3 Nd6 53. Bc7
Nf7 54. Bf5 Nd6 55. Bd3 Nf7 56. Kb5 Nd6+ 57. Ka6 Nc8 58. Bf5 Nd6 59. Bd3 Nc8 60.
Kb7 Nd6+ 61. Kc6 Nf7 1/2-1/2

[Event "Chennai Challengers 2025"]
[Site "Chennai IND"]
[Date "2025.08.10"]
[Round "4.1"]
[White "Harshavardhan, G B"]
[Black "Ghosh, Diptayan"]
[Result "0-1"]
[WhiteTitle "IM"]
[BlackTitle "GM"]
[WhiteElo "2454"]
[BlackElo "2576"]
[WhiteFideId "25059009"]
[BlackFideId "5045207"]
[EventDate "2025.08.07"]

1. Nf3 d5 2. c4 e6 3. d4 Nf6 4. Nc3 Bb4 5. e3 O-O 6. Bd2 Nbd7 7. Be2 dxc4 8.
Bxc4 a6 9. Bd3 c5 10. a3 Ba5 11. Qe2 Bc7 12. O-O b6 13. b4 cxd4 14. exd4 Bb7 15.
Bg5 Qb8 16. Rfe1 Bf4 17. Bh4 Bxf3 18. Qxf3 Bxh2+ 19. Kh1 Bf4 20. Ne4 Nd5 21. g3
Bh6 22. Bc4 Kh8 23. Bxd5 exd5 24. Nc3 Bd2 25. Re2 Bxc3 26. Qxc3 Qd6 27. Be7 Qh6+
28. Kg2 Rfe8 29. Rae1 Qg6 30. Qf3 Nf8 31. Bxf8 Rxf8 32. Re7 Rad8 33. R1e5 Qf6
34. Qxf6 gxf6 35. Re3 Rd6 36. Rc7 b5 37. Kf3 Kg7 38. Kf4 Kg6 39. g4 h6 40. f3
Rh8 41. Ree7 Rf8 42. Ra7 Kg7 43. Reb7 Kg6 44. Rc7 Kg7 45. Re7 Kg6 46. Rac7 Rdd8
47. Rc6 Rc8 48. Rc5 Rcd8 49. Kg3 Rd6 50. Kf4 Rdd8 51. Rc6 Rc8 52. Rec7 Rxc7 53.
Rxc7 Re8 54. Rd7 Rc8 55. Rd6 Rc4 56. Rxa6 Rxd4+ 57. Ke3 Rc4 58. Kd3 d4 59. f4
Rc3+ 60. Kxd4 Rc4+ 61. Ke3 Rc3+ 62. Kf2 Rc4 63. Kf3 Rc3+ 64. Ke2 Rg3 65. Ra5 f5
66. Rxb5 fxg4 67. a4 Ra3 68. a5 f6 69. Rb8 h5 70. Rh8 Ra4 71. Rg8+ Kf5 72. Rb8
h4 73. Ke3 Ra3+ 74. Kd4 g3 75. Rg8 h3 76. a6 h2 0-1

[Event "Chennai Challengers 2025"]
[Site "Chennai IND"]
[Date "2025.08.10"]
[Round "4.2"]
[White "Iniyan, Pa"]
[Black "Aryan, Chopra"]
[Result "1-0"]
[WhiteTitle "GM"]
[BlackTitle "GM"]
[WhiteElo "2586"]
[BlackElo "2634"]
[WhiteFideId "25002767"]
[BlackFideId "5084423"]
[EventDate "2025.08.07"]

1. d4 Nf6 2. c4 e6 3. Nf3 b6 4. g3 Ba6 5. Qc2 c5 6. Bg2 Bb7 7. dxc5 Bxc5 8. Nc3
Nc6 9. O-O O-O 10. Rd1 h6 11. a3 Re8 12. b4 Bf8 13. e4 e5 14. Nd5 d6 15. Nc3 Bc8
16. Qd3 a6 17. Be3 Ng4 18. Bd2 Nf6 19. h3 Bd7 20. Be3 Rb8 21. Kh2 Qc8 22. Rac1
Qb7 23. Nh4 Ne7 24. f4 Rbd8 25. Qf1 b5 26. Rxd6 exf4 27. Bxf4 Nh5 28. e5 Bc6 29.
Nd5 Bxd5 30. cxd5 Nxf4 31. Qxf4 g5 32. Qg4 Rc8 33. Rd7 Qb6 34. Rxc8 Rxc8 35. d6
Rc1 36. Nf3 Ng6 37. Qf5 Nh8 38. e6 Bxd6 39. exf7+ Kf8 40. Qh7 Bxg3+ 41. Kxg3
Qb8+ 42. Kf2 Qb6+ 43. Nd4 Qf6+ 44. Qf5 Rc2+ 45. Kg1 1-0

[Event "Chennai Challengers 2025"]
[Site "Chennai IND"]
[Date "2025.08.10"]
[Round "4.3"]
[White "Adhiban, Baskaran"]
[Black "Pranesh, M"]
[Result "1/2-1/2"]
[WhiteTitle "GM"]
[BlackTitle "GM"]
[WhiteElo "2534"]
[BlackElo "2589"]
[WhiteFideId "5018471"]
[BlackFideId "35028600"]
[EventDate "2025.08.07"]

1. d4 Nf6 2. c4 e6 3. Nf3 Bb4+ 4. Bd2 Qe7 5. Qc2 b6 6. a3 Bxd2+ 7. Nbxd2 Bb7 8.
Rg1 c5 9. dxc5 bxc5 10. g4 d5 11. g5 Nfd7 12. O-O-O Nc6 13. cxd5 exd5 14. Bh3
Nb6 15. Nb3 Bc8 16. Rg3 c4 17. Nbd4 Nxd4 18. Nxd4 Bxh3 19. Rxh3 O-O-O 20. Qf5+
Kb7 21. Re3 Qf8 22. Rf3 Rd7 23. e4 Qc5 24. exd5 Rxd5 25. Qxf7+ Ka6 26. Nc2 Rxd1+
27. Kxd1 Rd8+ 28. Kc1 Qxg5+ 29. Kb1 Qg6 30. Qxg6 Rd1+ 31. Ka2 hxg6 32. Rg3 Rd2
33. Kb1 Rd1+ 34. Ka2 Rd2 35. Kb1 Rd1+ 36. Ka2 1/2-1/2

[Event "Chennai Challengers 2025"]
[Site "Chennai IND"]
[Date "2025.08.10"]
[Round "4.4"]
[White "Mendonca, Leon Luke"]
[Black "Dronavalli, Harika"]
[Result "1-0"]
[WhiteTitle "GM"]
[BlackTitle "GM"]
[WhiteElo "2606"]
[BlackElo "2487"]
[WhiteFideId "35028561"]
[BlackFideId "5015197"]
[EventDate "2025.08.07"]

1. e4 c5 2. Nf3 Nc6 3. Bb5 Nf6 4. Bxc6 dxc6 5. d3 Qc7 6. a4 e5 7. Nbd2 Be6 8.
O-O Be7 9. Ng5 Bg4 10. f3 Bh5 11. Nc4 h6 12. Nh3 g5 13. Nf2 Nd7 14. Ng4 f6 15.
Nge3 Bg6 16. Bd2 b6 17. Qe1 a5 18. g3 Rg8 19. Kh1 Bf8 20. f4 exf4 21. gxf4 O-O-O
22. Qg3 Kb7 23. Bc3 Be7 24. fxg5 hxg5 25. Rf2 Rdf8 26. Raf1 Qxg3 27. hxg3 Rh8+
28. Kg2 Rh7 29. Ng4 Rfh8 30. Nce3 Bd8 31. b3 Ka6 32. Rg1 Rf8 33. Ra1 Rfh8 34.
Raf1 Be8 35. Rg1 Rf8 36. Rff1 Bg6 37. Rf3 Bh5 38. Rf2 Bg6 39. Rff1 Rfh8 40. Kf2
Rf7 41. Ke2 Rh3 42. Rh1 Rfh7 43. Rxh3 Rxh3 44. Nxf6 Bxf6 45. Bxf6 Rxg3 46. Bd8
g4 47. Kd2 Bh5 48. Rf5 Rh3 49. Bc7 Kb7 50. Bd6 b5 51. Rg5 c4 52. bxc4 bxa4 53.
Rg7 Kc8 54. Nxg4 c5 55. Ne5 Nxe5 56. Bxe5 Kd8 57. Ra7 Rh1 58. Rxa5 Be8 59. Rxc5 1-0

[Event "Chennai Challengers 2025"]
[Site "Chennai IND"]
[Date "2025.08.10"]
[Round "4.5"]
[White "Puranik, Abhimanyu"]
[Black "Vaishali, Rameshbabu"]
[Result "1-0"]
[WhiteTitle "GM"]
[BlackTitle "GM"]
[WhiteElo "2635"]
[BlackElo "2476"]
[WhiteFideId "5061245"]
[BlackFideId "5091756"]
[EventDate "2025.08.07"]

1. d4 Nf6 2. c4 g6 3. Nc3 d5 4. Nf3 Bg7 5. cxd5 Nxd5 6. e3 O-O 7. Bc4 Nb6 8. Bb3
c5 9. O-O Bg4 10. dxc5 N6d7 11. h3 Bxf3 12. Qxf3 Nxc5 13. Rd1 Nbd7 14. Bc2 Rc8
15. Bd2 e6 16. Be1 Qe7 17. Rab1 Nb6 18. Qe2 a6 19. Ne4 Nxe4 20. Bxe4 Nc4 21. a3
a5 22. Bd3 Ne5 23. Bxa5 Nxd3 24. Rxd3 Qg5 25. Bb4 Rfd8 26. Rxd8+ Rxd8 27. Rd1 h5
28. Rxd8+ Qxd8 29. Qc2 Qd5 30. b3 Bf6 31. a4 h4 32. Qc5 Qd1+ 33. Kh2 Qd7 34. Qd6
Qc8 35. Bc5 Kh7 36. b4 Bd8 37. Kg1 Bf6 38. a5 Qe8 39. Qc7 Kg7 40. Qxb7 Qa4 41.
Qa6 Be5 42. Qf1 Bc3 43. a6 1-0

[Event "Chennai Challengers 2025"]
[Site "Chennai IND"]
[Date "2025.08.11"]
[Round "5.1"]
[White "Vaishali, Rameshbabu"]
[Black "Harshavardhan, G B"]
[Result "0-1"]
[WhiteTitle "GM"]
[BlackTitle "IM"]
[WhiteElo "2476"]
[BlackElo "2454"]
[WhiteFideId "5091756"]
[BlackFideId "25059009"]
[EventDate "2025.08.07"]

1. e4 e5 2. Nf3 Nf6 3. Nc3 Nc6 4. Bb5 Bb4 5. O-O O-O 6. Bxc6 bxc6 7. Nxe5 Bxc3
8. dxc3 Qe8 9. Nd3 Qxe4 10. Re1 Qh4 11. Qf3 Qh5 12. Qg3 d6 13. Bg5 Qg6 14. Qh4
Nd5 15. c4 f6 16. Bd2 Nb6 17. Re3 Qg4 18. Qxg4 Bxg4 19. b3 c5 20. Rae1 Bd7 21.
Nf4 Bf5 22. Nd3 Bd7 23. a4 Rae8 24. f3 Rxe3 25. Bxe3 Kf7 26. h4 h5 27. Kf2 Bf5
28. Rd1 Nd7 29. Rd2 g6 30. Nf4 Ne5 31. Nd5 Rc8 32. Re2 Nc6 33. Bc1 Be6 34. Bb2
Bxd5 35. cxd5 Ne7 36. Rd2 Nf5 37. g3 Re8 38. Rd3 g5 39. hxg5 fxg5 40. g4 hxg4
41. fxg4 Nh6 42. Kf3 Kg6 43. Bc3 Rf8+ 44. Kg3 Rf4 45. Ba5 Rxg4+ 46. Kh3 Re4 47.
Bxc7 Nf5 48. Rd2 Re7 49. Bd8 Re3+ 50. Kg2 g4 51. Rf2 g3 52. Rf4 Re2+ 53. Kf3
Rf2+ 0-1

[Event "Chennai Challengers 2025"]
[Site "Chennai IND"]
[Date "2025.08.11"]
[Round "5.2"]
[White "Dronavalli, Harika"]
[Black "Puranik, Abhimanyu"]
[Result "0-1"]
[WhiteTitle "GM"]
[BlackTitle "GM"]
[WhiteElo "2487"]
[BlackElo "2635"]
[WhiteFideId "5015197"]
[BlackFideId "5061245"]
[EventDate "2025.08.07"]

1. Nf3 Nf6 2. c4 b6 3. g3 Bb7 4. Bg2 g6 5. b3 Bg7 6. Bb2 O-O 7. O-O e6 8. Nc3
Qe7 9. e3 Na6 10. Qe2 d5 11. d4 c5 12. Rfd1 Rfd8 13. Rac1 dxc4 14. bxc4 Rac8 15.
Nb5 Be4 16. Ne5 Bxg2 17. Kxg2 Ne4 18. h4 Nd6 19. Qf3 Bxe5 20. dxe5 Nxb5 21. cxb5
Nb4 22. e4 Nxa2 23. Ra1 Nb4 24. Rxd8+ Rxd8 25. Bc1 Rd7 26. Bg5 Qf8 27. Rd1 Nc2
28. Bf6 Rxd1 29. Qxd1 Nd4 30. Qa4 Qa8 31. f3 Qb7 32. Qc4 h6 33. h5 Qd7 34. Qa4
Qxb5 35. Qxa7 Qe2+ 36. Kh3 Qf1+ 37. Kg4 Qxf3+ 38. Kh3 Qh1+ 39. Kg4 gxh5+ 0-1